YouTuber Picture Quiz - Statistics

General Stats
  • This quiz has been taken 184 times
  • The average score is 8 of 16
Answer Stats
Picture Answer % Correct
Jake Paul
93%
Logan Paul
84%
PewDiePie
80%
KSI
72%
Markiplier
62%
Smosh
61%
Shane
48%
NigaHiga
43%
Zach King
43%
Caspar Lee
35%
Casey Neistat
33%
Jenna Marbles
33%
Zoella
31%
Superwoman
30%
Tyler Oakley
30%
FineBrothers
18%
No matching quizzes found
Score Distribution
Percent of People with Each Score
Percentile by Number Answered
Your Score History
You have not taken this quiz